00377cam a22001337a 4500008004000000020001800040082001400058100002500072245006600097260002700163300001300190650001900203700002100222180718b1974 xxu||||| |||| 00| 0 eng d a0 08 017941 x aJ7 D541 2 aedited by Dr Diamond aProgress in planningcedited by Dr Diamond And J B Mcloughlin aOxfordbPergamonc1974 aix, 365p aCity planning. aMcloughlin, J B.